Tìm hiểu về câu đố người Việt

TM tài liệu tham khảo tr. 491 - 494; Trình bày khái luận về câu đố người Việt, phân biệt câu đố với các kiểu dạng đố thường gặp như tìm hiểu về hình thức, nội dung câu đố, sự phân loại của câu đố, cùng cách đố và giải của câu đố;...

وصف كامل

محفوظ في:
التفاصيل البيبلوغرافية
المؤلف الرئيسي: Triều, Nguyên
مؤلفون آخرون: Hội Văn nghệ dân gian Việt Nam
التنسيق: كتاب
اللغة:Undetermined
منشور في: H. Khoa học xã hội 2010
الموضوعات:
الوصول للمادة أونلاين:http://lrc.tdmu.edu.vn/opac/search/detail.asp?aID=2&ID=19521
الوسوم: إضافة وسم
لا توجد وسوم, كن أول من يضع وسما على هذه التسجيلة!
Thư viện lưu trữ: Trung tâm Học liệu Trường Đại học Thủ Dầu Một
LEADER 01420nam a2200217Ia 4500
001 TDMU_19521
008 210410s9999 xx 000 0 und d
082 |a 398.609597 
090 |b TR309 
100 |a Triều, Nguyên 
245 0 |a Tìm hiểu về câu đố người Việt 
245 0 |c Triều Nguyên 
260 |a H. 
260 |b Khoa học xã hội 
260 |c 2010 
300 |a 496 tr. 
520 |a TM tài liệu tham khảo tr. 491 - 494; Trình bày khái luận về câu đố người Việt, phân biệt câu đố với các kiểu dạng đố thường gặp như tìm hiểu về hình thức, nội dung câu đố, sự phân loại của câu đố, cùng cách đố và giải của câu đố; tuyển tập các câu đố về các hiện tượng tự nhiên, thực vật, động vật ; NV028 Văn học dân gian Việt Nam 
650 |a Văn học dân gian  |x Câu đố  |x Nghiên cứu văn học  |z Việt Nam; Câu đố  |x Nghiên cứu văn học  |z Việt Nam; Việt Nam  |x Văn hóa  |x Câu đố  |x Nghiên cứu văn học 
700 |a Hội Văn nghệ dân gian Việt Nam 
856 |u http://lrc.tdmu.edu.vn/opac/search/detail.asp?aID=2&ID=19521 
980 |a Trung tâm Học liệu Trường Đại học Thủ Dầu Một